Подробности
| 000 -МАРКЕР |
| контрольное поле |
02200nam2a2200265 4500 |
| 001 - ИДЕНТИФИКАТОР ЗАПИСИ |
| контрольное поле |
RU\NLR\BIBL_A\010586315 |
| 005 - ИДЕНТИФИКАТОР ВЕРСИИ |
| контрольное поле |
20250614075258.0 |
| 010 ## - МЕЖДУНАРОДНЫЙ СТАНДАРТНЫЙ НОМЕР КНИГИ (ISBN) |
| Номер (ISBN) |
978-5-94789-649-7 |
| Тираж |
1000 |
| 021 ## - НОМЕР ГОСУДАРСТВЕННОЙ РЕГИСТРАЦИИ |
| Код страны |
Российская Федерация |
| Номер |
2014-85889 |
| Номер Листа государственной регистраци |
5222 |
| 035 ## - ДРУГИЕ СИСТЕМНЫЕ НОМЕРА |
| Идентификатор записи |
(NLR Aleph) 010586315 |
| 100 ## - ДАННЫЕ ОБЩЕЙ ОБРАБОТКИ |
| Данные общей обработки |
20120227d2014 |||y0rusy50 ca |
| 101 0# - ЯЗЫК РЕСУРСА |
| Язык текста, звукозаписи и т.д. |
русский |
| 102 ## - СТРАНА ПУБЛИКАЦИИ ИЛИ ПРОИЗВОДСТВА |
| Страна публикации |
Российская Федерация |
| 105 ## - ПОЛЕ КОДИРОВАННЫХ ДАННЫХ: ТЕКСТОВЫЕ МАТЕРИАЛЫ, МОНОГРАФИЧЕСКИЕ |
| Кодированные данные о монографическом текстовом документе |
ach|z 000yy |
| 200 1# - ЗАГЛАВИЕ И СВЕДЕНИЯ ОБ ОТВЕТСТВЕННОСТИ |
| Основное заглавие |
2013 год |
| Первые сведения об ответственности |
М-во здравоохранения Рос. Федерации, ФГБУ "Федер. науч. центр трансплантологии и искусств. органов им. акад. В.И. Шумакова" Минздрава России ... |
| 210 ## - ПУБЛИКАЦИЯ, РАСПРОСТРАНЕНИЕ И ДР. |
| Дата издания, распространения и т.д. |
2014 |
| Место издания, распространения и т.д. |
Б. м. |
| 215 ## - ФИЗИЧЕСКАЯ ХАРАКТЕРИСТИКА |
| Специфическое обозначение материала и объем |
351 с |
| Другие сведения о физической характеристике |
ил., цв. ил., факс., портр. |
| 320 ## - ПРИМЕЧАНИЯ О НАЛИЧИИ В ДОКУМЕНТЕ БИБЛИОГРАФИИ / УКАЗАТЕЛЯ |
| Текст примечания |
Библиогр. в конце ст. |
| 320 ## - ПРИМЕЧАНИЯ О НАЛИЧИИ В ДОКУМЕНТЕ БИБЛИОГРАФИИ / УКАЗАТЕЛЯ |
| Текст примечания |
Указ. работ отечеств. авт. в области трансплантологии и искусств. органов, опубл. в зарубеж. изд. в 2013 г.: с. 343-346 |
| 461 #0 - УРОВЕНЬ НАБОРА |
| Встроенное поле |
001RU\NLR\bibl\2027393 |
| -- |
2000#$aТрансплантология: итоги и перспективы$fМ-во здравоохранения и соц. развития РФ, ФГУ "Федер. науч. центр трансплантологии и искусств. органов им. акад. В.И. Шумакова" Минздравсоцразвития России, Общерос. обществ. орг. трансплантологов "Рос. трансплантол. о-во"$gпод ред. С.В. Готье$vТ. 5 |
| Системный номер (АБИС) связанной записи |
4478826 |
| Место публикации |
Москва |
| Дата публикации |
2012 |
| Первые сведения об ответственности |
М-во здравоохранения и соц. развития РФ, ФГУ "Федер. науч. центр трансплантологии и искусств. органов им. акад. В.И. Шумакова" Минздравсоцразвития России, Общерос. обществ. орг. трансплантологов "Рос. трансплантол. о-во" |
| Имя издателя, распространителя и т.д. |
Триада |
| Заглавие |
Трансплантология: итоги и перспективы |
| Номер тома |
Т. 5 |
| 942 ## - ДОПОЛНИТЕЛЬНЫЕ ЭЛЕМЕНТЫ ЗАПИСИ (АБИС) |
| Тип экземпляра АБИС |
Книга |
| 980 ## - КОЛЛЕКЦИЯ |
| Название коллекции |
Национальная библиография |